书目信息 |
| 题名: |
乱世闯王——李自成
|
|
| 作者: | 张威 编著 | |
| 分册: | ||
| 出版信息: | 长春 吉林文史出版社 2011 |
|
| 页数: | 136页 | |
| 开本: | 22cm | |
| 丛书名: | 中国文化知识读本 | |
| 单 册: | ||
| 中图分类: | K827=48 , K248.301 , K827 | |
| 科图分类: | ||
| 主题词: | 李自成起义--研究 | |
| 电子资源: | ||
| ISBN: | 978-7-5463-5016-5 | |
| 000 | 00926nam0 2200289 450 | |
| 001 | 2357013062 | |
| 005 | 20231117132023.74 | |
| 010 | @a978-7-5463-5016-5@dCNY34.80 | |
| 100 | @a20140411d2011 em y0chiy50 ea | |
| 101 | 0 | @achi |
| 102 | @aCN@b220000 | |
| 105 | @aa z 000yd | |
| 200 | 1 | @a乱世闯王——李自成@Aluan shi chuang wang——li zi cheng@f张威编著 |
| 210 | @a长春@c吉林文史出版社@d2011 | |
| 215 | @a136页@c图@d22cm | |
| 225 | 2 | @a中国文化知识读本 |
| 300 | @a金开诚主编 | |
| 330 | @a本书介绍了李自成起义的背景和经过。在书中,作者写了关于李自成起义兴衰始末、大明王朝的灭亡、清政权的兴起等内容,中间夹杂了诸多神话元素。 | |
| 410 | 0 | @12001 @a中国文化知识读本 |
| 600 | 0 | @a李自成@f(1606-1645)@x生平事迹 |
| 606 | 0 | @a李自成起义@x研究 |
| 690 | @aK827=48@v5 | |
| 690 | @aK248.301@v5 | |
| 690 | @aK827@v4 | |
| 701 | 0 | @a张威@Azhang wei@4编著 |
| 801 | 0 | @aCN@b91MARC@c20210624 |
| 905 | @aZUCC@dK827@e687 | |
| 乱世闯王——李自成/张威编著.-长春:吉林文史出版社,2011 |
| 136页:图;22cm.-(中国文化知识读本) |
| 金开诚主编 |
| ISBN 978-7-5463-5016-5:CNY34.80 |
| 本书介绍了李自成起义的背景和经过。在书中,作者写了关于李自成起义兴衰始末、大明王朝的灭亡、清政权的兴起等内容,中间夹杂了诸多神话元素。 |
| ● |
| 相关链接 |
|
|
|
正题名:乱世闯王——李自成
索取号:K827/687
 
预约/预借
| 序号 | 登录号 | 条形码 | 馆藏地/架位号 | 状态 | 备注 |
| 1 | 2001015299 | 2001015299 | 第四书库/四031架B面6层5列/ [索取号:K827/687] | 在馆 | |
| 2 | 2001015300 | 2001015300 | 第四书库/四031架B面6层5列/ [索取号:K827/687] | 在馆 | |
| 3 | 2001015301 | 2001015301 | 第四书库/四031架B面6层5列/ [索取号:K827/687] | 在馆 | |
| 4 | 2001015302 | 2001015302 | 第四书库/四031架B面6层5列/ [索取号:K827/687] | 在馆 | |
| 5 | 2001015303 | 2001015303 | 第四书库/四031架B面6层5列/ [索取号:K827/687] | 在馆 | |
| 6 | 2001015304 | 2001015304 | 第四书库/四031架B面6层5列/ [索取号:K827/687] | 在馆 |